Growing Cities in Belize - Statistics

General Stats
  • This quiz has been taken 11 times
  • The average score is 4 of 5
Answer Stats
Population Population Gained City % Correct
66,083 8,914 Belize City
100%
26,906 12,975 Belmopan
100%
22,755 10,990 San Pedro
88%
13,658 3,371 Corozal
75%
24,231 6,353 San Ignacio
75%
No matching quizzes found
Score Distribution
Percent of People with Each Score
Percentile by Number Answered
Your Score History
You have not taken this quiz